000 00782cab a2200277 4500
001 WB3124-20
008 090401t1995 xxu||||| |||| 00| 0 eng d
035 _a(Sirsi) u9316
041 _aeng
245 _aSFO checks hotel loans
260 _c1995
350 _a0
490 _aSunday Telegraph
_v18 June 1995, 6(1)
520 _aThe SFO is investigating property loans made in the late 1980s by Hill Samuel. There are fears of conflict of interest.
650 _aBANK LENDING
650 _aCONFLICT OF INTEREST
650 _aHILL SAMUEL
650 _aPAVILION HOTEL
650 _aPROPERTY LENDING
650 _aSERIOUS FRAUD OFFICE
650 _aTSB
650 _aUDT
690 _aPROPERTY-PROPERTY FINANCE AND INVESTMENT
942 _n0
948 _c04/03/1997
999 _c5799
_d5799